000 00805nam a2200205 a 4500
001 BRCA_2155
005 20190320203707.0
008 130808s1992----mx-a---###---#000-0#spa-#
050 4 _aF1391.P8
_b.L43 101
_c1992
100 1 _aRuiz Martínez, Rafael
_96499
245 1 0 _aLas capillas del via crucis en Puebla
_bsu historia
_cRafael Ruiz Martínez, Juan Manuel Armenta Olvera.
260 _aPuebla, México
_bGobierno del Estado de Puebla : Secretaría de Cultura : Comisión Puebla V Centenario
_c1992
300 _a36 p.
_bil.
_c21 cm.
440 0 _aLecturas Históricas de Puebla
_n101
_96500
504 _aBibliografía: p. 35-36
651 4 _aPuebla (México)
_xHistoria
_9409
651 4 _aPuebla (México)
_xArquitectura religiosa
_96501
700 1 _aArmenta Olvera, Juan Manuel
_96502
942 _2lcc
_cB
999 _c1912
_d1912